[Event "HB Global CC"]
[Site "Minneapolis USA"]
[Date "2005.05.21"]
[Round "7"]
[White "Van Wely,L"]
[Black "Beliavsky,A"]
[Result "0-1"]
[WhiteElo "2687"]
[BlackElo "2630"]

1.d4 Nf6 2.c4 e6 3.Nf3 b6 4.g3 Ba6 5.b3 Bb4+ 6.Bd2 Be7 7.Nc3 c6 8.e4 d5 9.cxd5 Bxf1
10.Kxf1 cxd5 11.e5 Ne4 12.Qe2 Nxc3 13.Bxc3 Qc8 14.Qb5+ Qd7 15.Qd3 Nc6 16.Kg2 b5
17.h4 Qb7 18.a4 Rb8 19.Rhc1 bxa4 20.bxa4 O-O 21.Bd2 Rfc8 22.Ng5 Bxg5 23.Bxg5 h6
24.Bd2 Nb4 25.Rxc8+ Qxc8 26.Qc3 Qxc3 27.Bxc3 Nc6 28.Rc1 h5 29.Ba1 Na5 30.Rc7 Nc4
31.Bc3 Rb3 32.Be1 Rb1 33.Bc3 Rc1 34.Ba5 a6 35.Bb6 Ra1 36.Bc5 Rxa4 37.Rc8+ Kh7
38.Rf8 Kg6 39.Rg8 Ra2 40.Kg1 f6 41.exf6 Kxf6 42.Rf8+ Kg6 43.Re8 Re2 44.Kf1 Re4
45.f3 Re3 46.Kf2 a5 47.g4 hxg4 48.fxg4 a4 49.Rf8 a3 50.Be7 Rh3 51.h5+ Kh7
52.Ra8 a2 53.g5 Rxh5 54.Kg1 Nd2 55.Kg2 Nb3 56.Rxa2 Nxd4 57.Ra6 Kg6 58.Bc5 Rh4
59.Bxd4 Rxd4 60.Rxe6+ Kxg5 61.Kf3 Rf4+ 62.Kg3 Rd4 63.Re7 Kf6 64.Rd7 g5 65.Kf3 Rf4+
66.Ke3 Rf5 67.Rd8 Kg6 68.Rh8 g4 69.Kd4  0-1

[Event "6th EICC"]
[Site "Warsaw POL"]
[Date "2005.06.25"]
[Round "7"]
[White "Aronian,L"]
[Black "Beliavsky,A"]
[Result "1/2-1/2"]
[WhiteElo "2693"]
[BlackElo "2630"]

1.d4 Nf6 2.c4 e6 3.g3 Bb4+ 4.Bd2 Be7 5.Bg2 d5 6.Nf3 O-O 7.O-O c6 8.Qb3 b6
9.Bf4 Ba6 10.Nbd2 Nbd7 11.Rfd1 c5 12.Rac1 Qe8 13.Qa4 Bb7 14.Ne5 Nxe5 15.Qxe8 Nf3+
16.Bxf3 Rfxe8 17.dxc5 Bxc5 18.Nb3 Be7 19.Bg5 h6 20.Bxf6 Bxf6 21.cxd5 Bxd5
22.Bxd5 exd5 23.Rc2 Rac8 24.Rcd2 Re4 25.e3 Rb4 26.Re2 Rd8 27.Kf1 a5 28.Rdd2 d4
29.Nxd4 Bxd4 30.exd4 Rdxd4 31.Rxd4 Rxd4 32.Re8+ Kh7 33.Ke2 Rb4 34.b3 a4 35.Re3 axb3
36.axb3 Rb5 37.Rc3 g5 38.h3 h5 39.Kd3 Rf5 40.Ke3 Rb5 41.Kd4  1/2-1/2

[Event "6th EICC Playoff"]
[Site "Warsaw POL"]
[Date "2005.07.02"]
[Round "3.3"]
[White "Asrian,K"]
[Black "Beliavsky,A"]
[Result "1/2-1/2"]
[WhiteElo "2611"]
[BlackElo "2630"]

1.e4 e5 2.Nf3 Nc6 3.Bb5 a6 4.Ba4 Nf6 5.O-O Be7 6.Re1 b5 7.Bb3 O-O 8.d3 d6
9.c3 Be6 10.Nbd2 Bxb3 11.axb3 a5 12.Nf1 Re8 13.Ne3 Bf8 14.Nf5 Ne7 15.Nxe7+ Bxe7
16.d4 Nd7 17.Qd3 c6 18.Be3 Qc7 19.Red1 Nf8 20.d5 Reb8 21.h3 Nd7 22.Nd2 cxd5
23.Qxd5 Nf6 24.Qd3 h6 25.Nf1 Qc6 26.Ng3 Rd8 27.c4 bxc4 28.bxc4 a4 29.f3 Bf8
30.Kh2 Rdb8 31.Qc2 Rb3 32.Rd3 Qb7 33.Rxb3 axb3 34.Qd1 Rc8 35.Nf5 Qb4 36.Bd2 Qxc4
37.Ra6 Qxa6 38.Qxb3 d5 39.Qd3 dxe4 40.fxe4 Nxe4 41.Bxh6 gxh6 42.Nxh6+ Kg7
43.Nf5+ Kg8 44.Nh6+ Kg7 45.Nf5+ Kg6 46.Nh4+ Kg7 47.Nf5+  1/2-1/2

[Event "It"]
[Site "Igualada ESP"]
[Date "2005.08.19"]
[Round "3"]
[White "Volokitin,And"]
[Black "Beliavsky,A"]
[Result "0-1"]
[WhiteElo "2671"]
[BlackElo "2599"]

1.e4 e5 2.Nf3 Nc6 3.Bb5 a6 4.Bxc6 dxc6 5.O-O f6 6.d4 Bg4 7.c3 Bd6 8.Be3 Ne7
9.Nbd2 O-O 10.Qb3+ Kh8 11.h3 Bh5 12.dxe5 fxe5 13.c4 b6 14.Qc3 Bxf3 15.Nxf3 Ng6
16.c5 bxc5 17.Nd2 Qe7 18.Rac1 Rfb8 19.Nb3 Nf4 20.Bxf4 exf4 21.Rfe1 c4 22.Qxc4 f3
23.Nd4 fxg2 24.e5 Qh4 25.exd6 Qxh3 26.f3 cxd6 27.Nb3 a5 28.Qg4 Qxg4 29.fxg4 a4
30.Nd4 c5 31.Nf5 Rxb2 32.a3 Rb3 33.Re7 Rxa3 34.Nxg7 Rg3 35.Nh5 Rxg4 36.Nf6 Rg7
37.Rce1 Rf8 38.Re8 Rf7 39.Rxf8+ Rxf8 40.Nd5 Rf1+ 41.Rxf1 gxf1=Q+ 42.Kxf1 a3
43.Nc3 d5 44.Ke2 d4 45.Na2 h5 46.Kf3 Kg7  0-1

[Event "49th TCh-ESP Honor 2"]
[Site "Sant Lluis ESP"]
[Date "2005.09.01"]
[Round "2"]
[White "Nielsen,PH"]
[Black "Beliavsky,A"]
[Result "1/2-1/2"]
[WhiteElo "2668"]
[BlackElo "2599"]

1.d4 Nf6 2.c4 e6 3.g3 c5 4.Nf3 cxd4 5.Nxd4 d5 6.Bg2 e5 7.Nf3 d4 8.O-O Nc6
9.e3 Be7 10.exd4 exd4 11.Bf4 O-O 12.Ne5 Qb6 13.Re1 Be6 14.Nd2 Rac8 15.Qb3 Nh5
16.Nxc6 bxc6 17.Be5 Rfd8 18.Rad1 Bf6 19.Qxb6 axb6 20.Nb3 Bxe5 21.Rxe5 c5
22.Nd2 Nf6 23.b3 h6 24.h3 Kf8 25.f4 Nd7 26.Ree1 Nb8 27.g4 Bd7 28.Nf3 Nc6
29.Ne5 Nxe5 30.Rxe5 f6  1/2-1/2

[Event "TCh-AUT 2005-6"]
[Site "Austria AUT"]
[Date "2005.11.18"]
[Round "1"]
[White "Beliavsky,A"]
[Black "Schlosser,P"]
[Result "1-0"]
[WhiteElo "2631"]
[BlackElo "2560"]

1.d4 d5 2.c4 e6 3.Nf3 Nf6 4.Nc3 c6 5.Bg5 h6 6.Bxf6 Qxf6 7.e3 Nd7 8.Bd3 dxc4
9.Bxc4 g6 10.O-O Bg7 11.b4 O-O 12.a4 e5 13.a5 Qe7 14.Qb3 Kh7 15.Rfe1 e4 16.Nd2 f5
17.Qa3 Rd8 18.Nb3 Rb8 19.Nc5 Nxc5 20.bxc5 f4 21.a6 Bf5 22.axb7 Rxb7 23.Rab1 Rc7
24.Rb3 Rcd7 25.Qa6 Qf6 26.Ne2 f3 27.Ng3 fxg2 28.Reb1 Rf8 29.Rb8 h5 30.Rxf8 Bxf8
31.Qc8 Bg7 32.Nxf5 Qxf5 33.Qg8+ Kh6 34.Be6 Rc7  1-0

[Event "TCh-AUT 2005-6"]
[Site "Austria AUT"]
[Date "2005.11.20"]
[Round "3"]
[White "Beliavsky,A"]
[Black "Balogh,C"]
[Result "1-0"]
[WhiteElo "2631"]
[BlackElo "2567"]

1.d4 Nf6 2.c4 g6 3.Nc3 d5 4.cxd5 Nxd5 5.g3 Bg7 6.Bg2 Nxc3 7.bxc3 c5 8.Nf3 Nc6
9.Be3 O-O 10.O-O cxd4 11.cxd4 Be6 12.Qd2 Bd5 13.Rab1 Rc8 14.Rfd1 Be4 15.Rxb7 Nxd4
16.Nxd4 Bxg2 17.f3 Bh3 18.Kf2 Rc7 19.Rxc7 Qxc7 20.Rc1 Qb7 21.Nc6 Be6 22.Nd8 Qd5
23.Nxe6 Qxe6 24.Bxa7 h5 25.Rc2 Ra8 26.Be3 Be5 27.Kg2 Kh7 28.Bf2 Bf6 29.Qe3 Qd5
30.Rd2 Qa5 31.Qd3 Kg7 32.Rc2 Qa4 33.e4 Rd8 34.Qe2 Bd4 35.Be1 e5 36.Qc4 Qa3
37.Qb3 Qa7 38.Bb4 Ra8 39.a3 Qa6 40.Qc4 Qa4 41.f4 Qa7 42.Qd5 exf4 43.gxf4 Bf6
44.e5 Bh4 45.e6 Rd8 46.exf7 Qxf7 47.Qxf7+ Kxf7 48.Kf3 g5 49.Rc7+ Ke6 50.Rc6+ Kf7
51.Rc5 gxf4 52.Rxh5 Bf6 53.Kxf4 Kg6 54.Rh3 Re8 55.Rg3+ Kf7 56.Rf3 Re2 57.h3 Kg6
58.Rd3 Be5+ 59.Kf3 Ra2 60.Ke4 Bc7 61.Kd5 Kg5 62.Kc6 Bf4 63.Kb5  1-0

[Event "TCh-AUT 2005-6"]
[Site "Austria AUT"]
[Date "2006.01.12"]
[Round "4"]
[White "Gustafsson,J"]
[Black "Beliavsky,A"]
[Result "1/2-1/2"]
[WhiteElo "2614"]
[BlackElo "2626"]

1.d4 Nf6 2.c4 e6 3.Nf3 b6 4.g3 Ba6 5.Qa4 Bb7 6.Bg2 c5 7.dxc5 Bxc5 8.O-O O-O
9.Nc3 Na6 10.Bf4 Be7 11.Rfd1 Nc5 12.Qc2 Rc8 13.Nb5 a6 14.Nd6 Bxd6 15.Bxd6 Re8
16.b3 b5 17.Be5 bxc4 18.bxc4 Ng4 19.Bd4 e5 20.Bc3 e4 21.Nd4 Qf6 22.Rf1 h5
23.Rab1 Ba8 24.Nb3 Qg5 25.Qc1 Qg6 26.Nxc5 Rxc5 27.Bd4 Rcc8 28.c5 h4 29.Qf4 e3
30.f3 Nh6 31.g4 Bc6 32.Rb3 Bb5 33.Rxe3 Bxe2 34.Rxe8+ Rxe8 35.Re1 Re6 36.Qd2 Bc4
37.Rxe6 Bxe6 38.h3 f6 39.Kh2 Nf7 40.f4 Qb1 41.a3 Qb3 42.Qc3 Qb8 43.Be3 f5
44.gxf5 Bxf5 45.Qb4 Qe8 46.Bf2 g5 47.fxg5 Qe5+ 48.Kh1 Nxg5 49.Qxh4 Ne4 50.Kg1 Kg7
51.Be3 Ng3 52.Qg5+ Kf7 53.Bf3 Ne4 54.Qh5+ Ke7 55.Qh4+ Ke6 56.Bg2 Qa1+ 57.Kh2 Qe5+
58.Kg1 Qa1+ 59.Kh2 Qe5+  1/2-1/2

[Event "Corus B"]
[Site "Wijk aan Zee NED"]
[Date "2006.01.16"]
[Round "3"]
[White "Vescovi,G"]
[Black "Beliavsky,A"]
[Result "1/2-1/2"]
[WhiteElo "2633"]
[BlackElo "2626"]

1.e4 e5 2.Nf3 Nc6 3.Bb5 Nf6 4.Ba4 a6 5.O-O Be7 6.Re1 b5 7.Bb3 O-O 8.h3 Bb7
9.d3 d6 10.a3 Nd7 11.Be3 Kh8 12.Nc3 f5 13.exf5 Rxf5 14.Bd5 Rf8 15.Ne4 Qe8
16.c4 Nd8 17.Bxb7 Nxb7 18.Rc1 Rc8 19.d4 Qg6 20.Nc3 e4 21.Nxe4 bxc4 22.Nc3 Nb6
23.d5 Bf6 24.b4 cxb3 25.Qxb3 Na5 26.Qb4 Nac4 27.Bxb6 Nxb6 28.Red1 h6 29.Ne2 Bg5
30.Qg4 Rce8 31.h4 Re4 32.Qg3 Rxe2 33.hxg5 Rf7 34.Rd4 Kg8 35.Kf1 Ree7 36.Qh4 hxg5
37.Nxg5 Rf5 38.Ne6 Nxd5 39.Rxd5 Rxe6 40.Rxf5 Qxf5 41.Qd8+ Kh7  1/2-1/2

[Event "TCh-AUT 2005-6"]
[Site "Austria AUT"]
[Date "2006.03.23"]
[Round "8"]
[White "Rotstein,A"]
[Black "Beliavsky,A"]
[Result "1-0"]
[WhiteElo "2520"]
[BlackElo "2626"]

1.c4 Nf6 2.Nf3 e6 3.b3 b6 4.Bb2 Bb7 5.e3 Be7 6.d4 O-O 7.Bd3 c5 8.O-O cxd4
9.exd4 d5 10.Nbd2 Nc6 11.Rc1 Rc8 12.Re1 Re8 13.a3 dxc4 14.bxc4 Bf8 15.Nf1 g6
16.Ng3 Bg7 17.Qe2 Qd6 18.Rcd1 Red8 19.Qe3 Qf8 20.Qf4 Na5 21.Ne5 Nd7 22.d5 Nxe5
23.Bxe5 f6 24.Bc3 e5 25.Qg4 f5 26.Nxf5 gxf5 27.Bxf5 Nxc4 28.Qh5 h6 29.Qg6 Qf6
30.Qh7+ Kf8 31.Be6 Ke7 32.f4 Rh8 33.fxe5 Qg5 34.Qe4 Rc5 35.Bb4 Nxe5 36.h4 Qh5
37.Bxc5+ bxc5 38.Bg4 Qf7 39.Rf1 Bf6 40.d6+ Kf8 41.Qf5 Nf3+ 42.Kh1 Bd4 43.d7 Qxf5
44.d8=Q+ Kg7 45.Qxh8+ Kxh8 46.Bxf5 Nxh4 47.Bh3 Kg7 48.Rf4 Ng6 49.Rfxd4 cxd4
50.Rxd4 Bc6 51.Rc4 Ne7 52.Rc5 a6 53.Be6 Kf6 54.Bc4 Bb7 55.Rc7 Bc8 56.Ra7 Nc6
57.Rh7  1-0

[Event "Pivdenny Bank Geller Mem"]
[Site "Odessa UKR"]
[Date "2006.07.02"]
[Round "3"]
[White "Eingorn,V"]
[Black "Beliavsky,A"]
[Result "1-0"]
[WhiteElo "2595"]
[BlackElo "2622"]

1.d4 e6 2.c4 Nf6 3.Nf3 d5 4.Nc3 Be7 5.Qc2 Nc6 6.e3 O-O 7.a3 a5 8.Bd3 dxc4
9.Bxc4 Bd6 10.O-O e5 11.h3 h6 12.Rd1 exd4 13.exd4 Ne7 14.Ne5 c6 15.Bf4 Ned5
16.Nxd5 Nxd5 17.Bg3 Be6 18.Ba2 f5 19.Re1 f4 20.Bh2 Rf6 21.Ng4 Bxg4 22.hxg4 Qd7
23.Qe4 Qxg4 24.Bxd5+ cxd5 25.Qxd5+ Kh7 26.f3 Qg6 27.Re2 Rd8 28.Qe4 Bc7 29.Rd1 Bb6
30.Bxf4 Qxe4 31.Rxe4 Rc6 32.Rd2 Rd7 33.Kf2 a4 34.Be3 Ba5 35.Re2 Rd5 36.Bd2 Bd8
37.Bc3 Bf6 38.Ke3 h5 39.Kd3 b5 40.Re6 Rc8 41.Re8 Rc7 42.R2e4 Kg6 43.g4 hxg4
44.fxg4 Rcd7 45.Rb8 Kf7 46.Rb6 Rd8 47.Rc6 Kg6 48.Ke3 Rh8 49.Re5 Rh3+ 50.Ke4 Rd7
51.g5 b4 52.axb4 Rh4+ 53.Ke3 Rh3+ 54.Kf4  1-0

[Event "Pivdenny Bank Geller Mem"]
[Site "Odessa UKR"]
[Date "2006.07.03"]
[Round "5"]
[White "Beliavsky,A"]
[Black "Golubev,M"]
[Result "1-0"]
[WhiteElo "2622"]
[BlackElo "2484"]

1.d4 Nf6 2.c4 g6 3.Nc3 Bg7 4.e4 d6 5.Nf3 O-O 6.Be2 e5 7.O-O Nc6 8.d5 Ne7
9.Nd2 Nd7 10.b4 f5 11.f3 Nf6 12.c5 f4 13.Nc4 g5 14.Ba3 Ng6 15.b5 dxc5 16.Bxc5 Rf7
17.Kh1 h5 18.d6 Be6 19.Nd5 cxd6 20.Nxf6+ Qxf6 21.Nxd6 Rc7 22.Bb4 Bf8 23.Qa4 Bxd6
24.Bxd6 Rd7 25.Bc5 Rc8 26.Qxa7 Rd2 27.Rfe1 g4 28.Rad1 Rc2 29.Bg1 g3 30.Qb6 Nh4
31.Bf1 Nxg2 32.Re2 Rxe2 33.Bxe2 Nh4 34.Bc5 Ng6 35.Bc4 Nf8 36.Bb3 Qf7 37.Bxf8 Bxb3
38.axb3 Rxf8 39.Rd6 Kh7 40.Qc5 Ra8 41.Qxe5 Rc8 42.hxg3 fxg3 43.Rf6 g2+ 44.Kxg2 Rc2+
45.Kh3 Qd7+ 46.Qf5+ Qxf5+ 47.Rxf5 Kg6 48.Kg3 Rb2 49.Kf4 Rxb3 50.Rg5+ Kh6  1-0

[Event "Pivdenny Bank Geller Mem"]
[Site "Odessa UKR"]
[Date "2006.07.04"]
[Round "7"]
[White "Beliavsky,A"]
[Black "Tukmakov,V"]
[Result "1-0"]
[WhiteElo "2622"]
[BlackElo "2560"]

1.d4 d5 2.c4 c6 3.Nf3 Nf6 4.Nc3 dxc4 5.a4 Bf5 6.e3 e6 7.Bxc4 Bb4 8.O-O Nbd7
9.Qe2 Bg4 10.h3 Bh5 11.Rd1 O-O 12.e4 Qe7 13.e5 Nd5 14.Ne4 f5 15.exf6 N7xf6
16.Ng3 Bxf3 17.Qxf3 Kh8 18.Bd3 e5 19.Bg5 Rae8 20.Bc2 Qe6 21.Ne4 Nd7 22.Qh5 g6
23.Qh4 Rf7 24.Bh6 Be7 25.Qg3 Nf4 26.Re1 Qf5 27.Ng5 Bxg5 28.Bxf5 Bxh6 29.Bxd7 Rxd7
30.dxe5 Rd2 31.Qh4 Kg7 32.Qf6+ Kg8 33.e6 Rf8 34.Qh4 Kg7 35.Rad1 g5 36.Qg4 Rxd1
37.Rxd1 Nd5 38.Qd4+ Rf6 39.Qe5 g4 40.Rxd5 cxd5 41.e7  1-0

[Event "Pivdenny Bank Geller Mem"]
[Site "Odessa UKR"]
[Date "2006.07.04"]
[Round "9"]
[White "Beliavsky,A"]
[Black "Zhukova,N"]
[Result "1-0"]
[WhiteElo "2622"]
[BlackElo "2425"]

1.d4 d5 2.c4 c6 3.Nf3 Nf6 4.Nc3 a6 5.a4 e6 6.Bg5 Bb4 7.Qb3 a5 8.e3 h6 9.Bh4 Nbd7
10.Be2 c5 11.cxd5 exd5 12.O-O c4 13.Qc2 Bxc3 14.bxc3 O-O 15.Nd2 Re8 16.Bf3 g5
17.Bg3 g4 18.Be2 Nf8 19.Bf4 Kg7 20.Be5 Ng6 21.f4 Kg8 22.Rae1 h5 23.Qb1 Ra6
24.e4 Rb6 25.Qa2 Nxe4 26.Nxe4 dxe4 27.Bxc4 Be6 28.Bxe6 fxe6 29.Rxe4 Qd5 30.Qc2 Rb2
31.Qxb2 Qxe4 32.Qf2 Rc8 33.Re1 Qd3 34.Qa2 Rc6 35.f5 Nxe5 36.dxe5 Qc4  1-0

[Event "NH Hotels"]
[Site "Amsterdam NED"]
[Date "2006.08.19"]
[Round "1"]
[White "Smeets,J"]
[Black "Beliavsky,A"]
[Result "0-1"]
[WhiteElo "2532"]
[BlackElo "2625"]

1.e4 e5 2.Nf3 Nc6 3.Bb5 a6 4.Ba4 Nf6 5.O-O Be7 6.Re1 b5 7.Bb3 d6 8.c3 O-O
9.d4 Bg4 10.Be3 exd4 11.cxd4 Na5 12.Bc2 Nc4 13.Bc1 c5 14.b3 Nb6 15.Nbd2 cxd4
16.Bb2 Nfd7 17.Qb1 Bf6 18.h3 Bxf3 19.Nxf3 Rc8 20.Bxd4 Bxd4 21.Nxd4 Qf6 22.Qd1 g6
23.Qd2 d5 24.Rad1 Rfe8 25.Qa5 dxe4 26.Qxa6 Re5 27.Bb1 Nc5 28.Qa5 Nd5 29.Rc1 Nf4
30.b4 Rg5 31.Rxc5 Rcxc5 32.bxc5 Nxh3+ 33.Kh2 Nxf2 34.Rxe4 Rh5+ 35.Kg3 Nh1+  0-1

[Event "NH Hotels"]
[Site "Amsterdam NED"]
[Date "2006.08.20"]
[Round "2"]
[White "Beliavsky,A"]
[Black "Stellwagen,D"]
[Result "0-1"]
[WhiteElo "2625"]
[BlackElo "2575"]

1.d4 Nf6 2.c4 g6 3.Nc3 Bg7 4.e4 d6 5.Nf3 O-O 6.Be2 e5 7.O-O Nc6 8.d5 Ne7
9.Nd2 a5 10.a3 Bd7 11.b3 c6 12.Ra2 Qb8 13.Rc2 Rc8 14.Ndb1 cxd5 15.cxd5 b5
16.b4 Ne8 17.Be3 f5 18.f3 Nf6 19.Qd2 a4 20.Rfc1 Rc7 21.Qd3 Rb7 22.Nd1 f4
23.Bf2 g5 24.Nb2 g4 25.fxg4 Nxg4 26.Bxg4 Bxg4 27.Nd2 Kh8 28.Qf1 Bf6 29.Nd3 Qe8
30.Ne1 Qh5 31.Ndf3 Rg8 32.Kh1 Rbb8 33.Ba7 Ra8 34.Bb6 Rg6 35.Qxb5 Rag8 36.Qf1 Bh4
37.Nxh4 Qxh4 38.Nf3 Qh5 39.Rc7 Rh6 40.Bg1 Ng6 41.b5 Nh4 42.Nxh4 Qxh4 43.b6 f3
44.b7 Qg3 45.R1c2 fxg2+ 46.Rxg2 Bf3 47.Rc2 Qh3 48.Rf2 Bxe4 49.b8=Q Bxg2+
50.Rxg2 Rxb8 51.Qf7 Rg6 52.Rxg6 hxg6 53.Qf6+ Kh7 54.Qe7+ Kg8  0-1

[Event "TCh-AUT 2006-7"]
[Site "Graz AUT"]
[Date "2006.11.03"]
[Round "1"]
[White "Rotstein,A"]
[Black "Beliavsky,A"]
[Result "0-1"]
[WhiteElo "2539"]
[BlackElo "2639"]

1.Nf3 Nf6 2.b3 d6 3.Bb2 e5 4.c4 g6 5.Nc3 Bg7 6.g3 O-O 7.Bg2 Re8 8.O-O c6
9.e4 Bg4 10.h3 Bxf3 11.Bxf3 Nbd7 12.Bg2 Nc5 13.d3 a5 14.Qc2 h5 15.h4 Ng4
16.Ne2 Ne6 17.Rad1 Qb6 18.Bc3 Rf8 19.Bh3 f5 20.exf5 gxf5 21.Rde1 Rae8 22.Bxg4 hxg4
23.Kg2 f4 24.gxf4 Qd8 25.f5 Rxf5 26.d4 Ref8 27.Ng3 Rf3 28.Re4 Qxh4 29.Rh1 Rxf2+
30.Qxf2 Rxf2+ 31.Kxf2 Qf6+ 32.Kg1 Qf3 33.Be1 Nf4  0-1

[Event "TCh-AUT 2006-7"]
[Site "Leoben AUT"]
[Date "2007.01.20"]
[Round "6"]
[White "Beliavsky,A"]
[Black "Laznicka,V"]
[Result "1-0"]
[WhiteElo "2639"]
[BlackElo "2593"]

1.d4 d5 2.c4 c6 3.Nf3 Nf6 4.Nc3 a6 5.e3 b5 6.cxd5 cxd5 7.Bd2 e6 8.Bd3 Bb7
9.O-O Nbd7 10.Ne2 Ne4 11.a4 b4 12.a5 Bd6 13.Be1 O-O 14.Nd2 Qb8 15.Kh1 Bc6
16.Nb3 Bb5 17.f3 Nef6 18.Bg3 Bxg3 19.Nxg3 Rc8 20.e4 Bc4 21.e5 Ne8 22.f4 Qb5
23.Nc1 g6 24.Nge2 Nb8 25.g4 Nc6 26.f5 exf5 27.gxf5 Ng7 28.Qd2 Nxa5 29.f6 Ne6
30.Rf3 Bxd3 31.Nxd3 g5 32.Rg1 Kh8 33.Rh3 Nc4 34.Qd1 Rg8 35.Nc3  1-0

[Event "TCh-AUT 2006-7"]
[Site "Mattersburg AUT"]
[Date "2007.03.08"]
[Round "8"]
[White "Beliavsky,A"]
[Black "Gustafsson,J"]
[Result "1/2-1/2"]
[WhiteElo "2639"]
[BlackElo "2584"]

1.d4 Nf6 2.c4 e6 3.Nc3 Bb4 4.e3 O-O 5.Bd3 d5 6.Nf3 c5 7.O-O dxc4 8.Bxc4 Nbd7
9.Qb3 a6 10.a4 Qe7 11.Rd1 h6 12.Bd2 Rb8 13.a5 b5 14.axb6 Rxb6 15.Qc2 cxd4
16.Nxd4 Nc5 17.Na4 Nxa4 18.Rxa4 Bxd2 19.Qxd2 Bb7 20.f3 Qd7 21.Ra5 Qc7 22.Bf1 Rd8
23.Rc1 Qd6 24.Qf2 Rb4 25.Rac5 Qb6 26.R1c2 Nd5 27.e4 Ne7 28.Ne2 Rxb2 29.Rxb2 Qxb2
30.Rc7 Nc6 31.Ng3 Qb4 32.h3 a5 33.Nh5 a4 34.Qg3 Qc5+ 35.Kh2 Qxh5 36.Rxb7 Qa5
37.Qc7 Qxc7+ 38.Rxc7 Ne5 39.Ra7 Rd2 40.f4 Ng6 41.f5 exf5 42.exf5 Ne5 43.Rxa4 Rf2
44.Ra8+ Kh7 45.Ra5 Nc6 46.Rc5 Rxf1 47.Rxc6 Rxf5 48.g4 Rf3 49.Kg2 Ra3 50.h4 h5
51.g5 Ra4 52.Kg3 Rg4+ 53.Kh3 Re4 54.Kg3 Re1 55.Rb6 Rf1 56.Ra6 f6 57.gxf6 gxf6
58.Ra5 Kg6 59.Rb5 Rf5 60.Rb4 Ra5 61.Rb3 Kf5 62.Rf3+ Ke5 63.Re3+ Kf5 64.Rf3+ Kg6
65.Rb3 Ra4 66.Rb5 Ra3+ 67.Kg2 Re3 68.Ra5 Re5 69.Ra3 Re4 70.Kg3 Kf5 71.Ra5+ Re5
72.Ra3 Rb5  1/2-1/2

[Event "TCh-AUT 2006-7"]
[Site "Mattersburg AUT"]
[Date "2007.03.11"]
[Round "11"]
[White "Beliavsky,A"]
[Black "Kalod,R"]
[Result "1-0"]
[WhiteElo "2639"]
[BlackElo "2475"]

1.d4 d5 2.c4 c6 3.Nf3 Nf6 4.Nc3 a6 5.e3 b5 6.cxd5 cxd5 7.Bd2 e6 8.Ne5 Bd6
9.Nd3 O-O 10.Be2 Nbd7 11.O-O Bb7 12.b4 Qb8 13.h3 Nb6 14.Nc5 Nc4 15.Qc2 Rd8
16.Rfd1 Bc6 17.Be1 Nd7 18.a4 Ndb6 19.a5 Nd7 20.e4 dxe4 21.N3xe4 Bd5 22.Nc3 Nf6
23.Nxd5 exd5 24.Bc3 Ra7 25.Qf5 Qc8 26.Qxc8 Rxc8 27.Bf3 h6 28.Re1 Rc6 29.Kf1 Kf8
30.Ke2 Re7+ 31.Kd3 Rxe1 32.Rxe1 g6 33.h4 h5 34.Bd2 Nxd2 35.Kxd2 Kg7 36.Kc3 Kf8
37.Kb3 Kg7 38.Rc1 Kg8 39.Rc2 Be7 40.g3 Kg7 41.Bg2 Kg8 42.Bh3 Ne4 43.Re2 Bf8
44.Bg2 f5 45.Kc2 Kf7 46.Kd3 Be7 47.Bf3 Bf6 48.Ra2 Ke7 49.Bd1 Nxc5+ 50.dxc5 Re6
51.Bf3 Re5 52.Rd2 Kd7 53.Bg2 Kc6 54.f4 Re7 55.Kc2 Rd7 56.Rd1 Bd8 57.Rd3 Bf6
58.Kd2 Bd8 59.Re3 Re7 60.Re5 Rxe5 61.fxe5 Bc7 62.e6 Bd8 63.Ke3 g5 64.Bf3 gxh4
65.gxh4 Bxh4 66.Kf4 Be7 67.Bxh5 d4 68.Bf3+ Kc7 69.Kxf5 d3 70.Kg6 Kd8 71.Kf7 d2
72.Be2 Bh4 73.c6 Bg5 74.e7+ Bxe7 75.c7+ Kxc7 76.Kxe7 Kc6 77.Ke6  1-0

[Event "8th ch-Euro"]
[Site "Dresden GER"]
[Date "2007.04.08"]
[Round "6"]
[White "Beliavsky,A"]
[Black "Bindrich,F"]
[Result "1-0"]
[WhiteElo "2639"]
[BlackElo "2469"]

1.d4 Nf6 2.c4 e6 3.g3 c5 4.Nf3 cxd4 5.Nxd4 Qc7 6.Nc3 a6 7.Qd3 Be7 8.Bg2 O-O
9.O-O Nc6 10.b3 b6 11.Bf4 Qb7 12.Rfd1 Bc5 13.Nc2 Qa7 14.Ne4 Nxe4 15.Bxe4 b5
16.Bxh7+ Kh8 17.Be4 Bxf2+ 18.Kg2 Bc5 19.g4 g6 20.Qc3+ Kh7 21.Rd3  1-0

[Event "8th ch-Euro"]
[Site "Dresden GER"]
[Date "2007.04.11"]
[Round "8"]
[White "Beliavsky,A"]
[Black "Agrest,E"]
[Result "1-0"]
[WhiteElo "2648"]
[BlackElo "2561"]

1.d4 d5 2.c4 c6 3.Nf3 Nf6 4.Nc3 e6 5.Bg5 dxc4 6.e4 b5 7.e5 h6 8.Bh4 g5 9.Nxg5 hxg5
10.Bxg5 Be7 11.exf6 Bxf6 12.Be3 Nd7 13.g3 Bb7 14.Bg2 Qc7 15.a4 a6 16.O-O O-O-O
17.axb5 cxb5 18.Nxb5 axb5 19.Ra7 Nc5 20.Qa1 Nb3 21.Bxb7+ Qxb7 22.Rxb7 Nxa1
23.Rxf7 Nb3 24.Rxf6 Kd7 25.h4 b4 26.Re1 Ra8 27.Bf4 Nxd4 28.Be5 Nc2 29.Rd1+ Ke7
30.Rf4 Rhc8 31.Bd6+ Ke8 32.Rf8+ Kd7 33.Bb8+  1-0

[Event "8th ch-Euro"]
[Site "Dresden GER"]
[Date "2007.04.13"]
[Round "10"]
[White "Beliavsky,A"]
[Black "Van den Doel,E"]
[Result "1-0"]
[WhiteElo "2648"]
[BlackElo "2580"]

1.d4 d5 2.Nf3 e6 3.g3 Nf6 4.c4 dxc4 5.Bg2 Nc6 6.O-O a6 7.e3 Bd7 8.Nc3 Nd5
9.Qe2 b5 10.Nxd5 exd5 11.e4 Qe7 12.a4 b4 13.Re1 O-O-O 14.Qf1 dxe4 15.Qxc4 Kb7
16.Ng5 Be6 17.Nxe6 Qxe6 18.Qxe6 fxe6 19.Rxe4 Bd6 20.Be3 Kb8 21.Rxe6 Na5 22.Re1 Rde8
23.d5 Rxe6 24.dxe6 Re8 25.f4 Rxe6 26.Ba7+ Kxa7 27.Rxe6 Nc4 28.Bd5 Nxb2 29.a5 c6
30.Rxd6 cxd5 31.Rxd5 Nc4 32.Rd7+ Kb8 33.Rd4 Nxa5 34.Rxb4+ Kc7 35.f5  1-0

[Event "8th ch-Euro"]
[Site "Dresden GER"]
[Date "2007.04.14"]
[Round "11"]
[White "Gajewski,G"]
[Black "Beliavsky,A"]
[Result "1/2-1/2"]
[WhiteElo "2540"]
[BlackElo "2648"]

1.d4 Nf6 2.c4 e6 3.Nf3 b6 4.g3 Ba6 5.Qc2 Bb7 6.Bg2 c5 7.d5 exd5 8.cxd5 Bxd5
9.Nc3 Bc6 10.e4 Be7 11.Bf4 Na6 12.O-O-O O-O 13.Ne5  1/2-1/2

[Event "King's Tournament"]
[Site "Bazna ROM"]
[Date "2007.06.18"]
[Round "3"]
[White "Beliavsky,A"]
[Black "Suba,M"]
[Result "1/2-1/2"]
[WhiteElo "2648"]
[BlackElo "2537"]

1.d4 Nf6 2.c4 e6 3.Nf3 Bb4+ 4.Bd2 a5 5.g3 d6 6.Bg2 Nbd7 7.O-O e5 8.Bg5 exd4
9.Nxd4 h6 10.Bf4 O-O 11.a3 Bc5 12.Nc3 a4 13.Rc1 Nb6 14.Qd3 Re8 15.Ne4 Nxe4
16.Bxe4 Qf6 17.Nb5 Re7 18.Nc3 Kh8 19.Bg2 Bf5 20.e4 Bg6 21.Rfe1 c6 22.Be3 Bxe3
23.Rxe3 d5 24.cxd5 Nxd5 25.Nxd5 cxd5 26.Qxd5 Qxb2 27.Rd1 f6 28.Qd4 Qxd4 29.Rxd4 Rc8
30.Rxa4 Rc1+ 31.Bf1 Be8 32.Ra8 g5 33.Kg2 Kg7 34.Rd8 Bc6 35.f3 f5 36.Rd4 Rc2+
37.Kg1 fxe4 38.fxe4 Rc1 39.Kg2 Rc2+ 40.Be2 Ra2 41.Kh3 Kf6 42.Bc4 Rf2 43.e5+ Rxe5
44.Rd6+ Ke7 45.Re6+ Rxe6 46.Rxe6+ Kf8 47.Rxh6 Bd7+ 48.g4 Rf3+ 49.Kg2 Rxa3
50.Bd5  1/2-1/2

[Event "King's Tournament"]
[Site "Bazna ROM"]
[Date "2007.06.21"]
[Round "6"]
[White "Sokolov,And1"]
[Black "Beliavsky,A"]
[Result "1/2-1/2"]
[WhiteElo "2584"]
[BlackElo "2648"]

1.e4 e5 2.Nf3 Nc6 3.Bb5 a6 4.Ba4 Nf6 5.O-O Be7 6.Re1 b5 7.Bb3 O-O 8.c3 d5
9.exd5 Nxd5 10.Nxe5 Nxe5 11.Rxe5 c6 12.d4 Bd6 13.Re1 Qh4 14.g3 Qh3 15.Re4 g5
16.Qe2 f5 17.Bxd5+ cxd5 18.Re6 f4 19.Rxd6 Bg4 20.Qf1 Qxf1+ 21.Kxf1 Rae8 22.Bd2 Bh3+
23.Kg1 fxg3 24.hxg3 Re2 25.Be3 Rxe3 26.fxe3 Rf1+ 27.Kh2 g4 28.Rxd5 Rf2+  1/2-1/2

[Event "King's Tournament"]
[Site "Bazna ROM"]
[Date "2007.06.26"]
[Round "11"]
[White "Mecking,H"]
[Black "Beliavsky,A"]
[Result "1/2-1/2"]
[WhiteElo "2565"]
[BlackElo "2648"]

1.d4 Nf6 2.c4 e6 3.Nf3 d5 4.Nc3 Be7 5.Bg5 h6 6.Bh4 O-O 7.e3 b6 8.Be2 Bb7
9.Bxf6 Bxf6 10.cxd5 exd5 11.b4 c6 12.O-O a5 13.b5 c5 14.Ne5 cxd4 15.exd4 Bxe5
16.dxe5 d4 17.Na4 Ra7 18.f4 Qd5 19.Rf2 Rd8 20.Nxb6 Qc5 21.Na4 Qa3 22.Qb3 Qxb3
23.axb3 d3 24.Rd1 Be4 25.Nc5 Rd5 26.Bxd3 Bxd3 27.Rxd3 Rxc5 28.Rd8+ Kh7 29.Rxb8 Rd7
30.g3 g5 31.Rb6 Rd1+ 32.Rf1 Rxf1+ 33.Kxf1 gxf4 34.gxf4 Rc3 35.Kf2 Rxb3 36.Rb8 a4
37.b6 a3 38.b7 a2 39.Ra8 Rxb7 40.Rxa2 Rb3 41.Ra6 Kg7 42.Kg2 Rc3 43.h4 h5
44.Rf6 Re3 45.Rf5 Kg6 46.Rg5+ Kh6 47.Rg3 Re1 48.Kf3 f6 49.exf6 Re6 50.f5 Rxf6
51.Kf4 Ra6 52.Re3 Ra1 53.Re6+ Kg7 54.Kg5 Rg1+ 55.Kxh5 Kf7 56.Rg6 Rf1 57.Kg5 Rg1+
58.Kh6 Rf1 59.Rg5 Kf6 60.h5 Rh1 61.Rg2 Kxf5 62.Ra2 Kf6 63.Rf2+ Ke7 64.Kg6 Rg1+
65.Kh7 Rg3 66.h6 Rg1 67.Ra2 Kf7 68.Ra7+ Kf8 69.Rg7 Rf1  1/2-1/2

[Event "TCh-AUT 1st Bundesliga 2007-8"]
[Site "Baden AUT"]
[Date "2007.12.02"]
[Round "3"]
[White "Beliavsky,A"]
[Black "Lanka,Z"]
[Result "1/2-1/2"]
[WhiteElo "2646"]
[BlackElo "2482"]

1.d4 Nf6 2.c4 g6 3.Nc3 Bg7 4.e4 d6 5.Nf3 O-O 6.Be2 e5 7.O-O Nc6 8.d5 Ne7
9.Nd2 a5 10.a3 Bd7 11.b3 Ne8 12.Rb1 f5 13.b4 axb4 14.axb4 Nf6 15.c5 fxe4
16.Ndxe4 Nf5 17.Bg5 h6 18.Bxf6 Bxf6 19.Ra1 Rxa1 20.Qxa1 Bg5 21.Qa7 Nd4 22.Qxb7 Bf5
23.Ba6 Bf4 24.Ng3 e4 25.Nce2 Be5 26.Nxd4 Bxd4 27.Qb5 dxc5 28.Qc4 Qd6 29.Ne2 Kh7
30.Bb5 Be5 31.bxc5 Bxh2+ 32.Kh1 Qe5 33.Qd4 Bc8  1/2-1/2

[Event "TCh-AUT 1st Bundesliga 2007-8"]
[Site "Jenbach AUT"]
[Date "2008.01.11"]
[Round "5"]
[White "Beliavsky,A"]
[Black "Horvath,Ta1"]
[Result "1-0"]
[WhiteElo "2638"]
[BlackElo "2430"]

1.d4 Nf6 2.c4 e6 3.Nf3 c5 4.d5 b5 5.dxe6 fxe6 6.cxb5 a6 7.bxa6 Be7 8.Nc3 Bxa6
9.g3 O-O 10.Bh3 Qe8 11.O-O Nc6 12.Re1 Qh5 13.Bg2 Rad8 14.e4 Nb4 15.h3 Nd3
16.Re3 c4 17.Qa4 Nc5 18.Qc2 Nd3 19.Re2 Ne8 20.Nd4 g6 21.Be3 Rb8 22.Qa4 Nc5
23.Qd1 Nd3 24.Rb1 Bc5 25.Qa4 Rb6 26.Qxd7 Rd6 27.Qa4 Nc7 28.Nc2 Bxe3 29.Nxe3 Qc5
30.Qa3 Qd4 31.Rf1 Bb7 32.Qa5 Ne8 33.Nc2 Qg7 34.Nb4 Nxb2 35.e5 Bxg2 36.Kxg2 Qb7+
37.Kg1 Rd3 38.Nxd3 cxd3 39.Re4 d2 40.Rb4  1-0